000 00504nam a22001697a 4500
003 0
005 20220816141118.0
008 220816b xxu||||| |||| 00| 0 eng d
020 _a978-1-5264-5949-7
050 _aBF637
_b.M35 2022
245 _aDoing research in counselling and psychotherapy
_cJohn McLeod
250 _a4th ed.
260 _aLos Angeles
_bSage
_c2022
300 _a271pp.
_c24cm.
_eIncludes references and index.
_fBook
500 _aCounseling--research--methodology.
942 _2lcc
_cBK
999 _c364785
_d364785